| 000 | 01032nam a22002657a 4500 | ||
|---|---|---|---|
| 001 | 9146 | ||
| 003 | FISKH | ||
| 005 | 20251125160558.0 | ||
| 008 | 251125b cb ||||| |||| 00| 0 eng d | ||
| 020 | _a9789996384202 | ||
| 040 |
_aFISKH _bkhr _cFISKH _dFISKH |
||
| 082 | _a813.54 | ||
| 100 | _aLionni, Leo | ||
| 245 |
_aសាមគ្គីភាពរបស់កូនត្រី Swimmy ( សឺវីមី ) / _cBy Leo Lionni |
||
| 260 |
_aភ្នំពេញ : _bគ្រឺះស្ថានបោះពុម្ពផ្សាយ ដើមស្វាយ , |
||
| 300 |
_a32 pages : _bcolor illustrations ; _c21 cm . |
||
| 505 | _aH | ||
| 520 | _aសៀវភៅបង្ហាញពីប្រភេទត្រីផ្សេងៗនៅក្នុងសមុទ្រ ។ | ||
| 520 | _aThis book showed different kinds of fish in the sea . | ||
| 521 | 8 |
_a450
_bLexile estimate |
|
| 521 | 8 |
_aH
_bRaz-Plus |
|
| 700 |
_aDalin , Meng _eTranslator |
||
| 942 |
_2ddc _cKHB _n0 |
||
| 999 |
_c9146 _d9146 |
||